000 00437nam a2200145Ia 4500
008 100122s9999 xx 000 0 und d
082 _b19058
_a823.08
100 _aदेवकुळे ज ग
245 _aवाघिणीची चाल
260 _bशिरीष एजन्सी
_c1972
300 _a150
630 _aवाघिणीची चाल
730 _aवाघिणीची चाल
942 _cBOOK
999 _c408208
_d408205